00578 2200205 4500001002100000005001700021008004100038020001800079035002400097082000800121090002100129100002000150245007600170250001100246260003100257300002100288500003100309650001200340999002000352YOGYA-0511000000091420110512084922.0 ind  a979-672-438-3 0010-051100000000913 a264 a264bMarcPlDEP aMARTASUJITA, E. aPengantar liturgi : makna, sejarah dan teologi liturgi/E. Martasudjita. aCet.1. aYogyakartabKanisiusc1999 a262 hlm.c20 cm. aBibliografi : hlm. 258-262 aLiturgi aCB-D.11 1999-50